Zaklínač : historie fenoménu /
Zrod a proměny ikonické postavy polské fantasy literatury: od prvotní literární podoby Zaklínače až po filmové a seriálové zpracování.
Uloženo v:
| Hlavní autor: | |
|---|---|
| Další autoři: | |
| Médium: | E-kniha |
| Jazyk: | Czech |
| Vydáno: |
Praha :
Kniha Zlin,
2024
|
| Vydání: | Vydání první |
| Témata: | |
| Tagy: |
Žádné tagy |
| LEADER | 03970nam a2200865 i 4500 | ||
|---|---|---|---|
| 001 | 312574 | ||
| 003 | CZ PrSKC | ||
| 005 | 20260601215725.0 | ||
| 007 | ta | ||
| 008 | 240926s2024 xr ach g 000 0 cze | ||
| 015 | |a cnb003633482 | ||
| 020 | |a 9788076627130 |q (vázáno) : |c Kč 799,00 | ||
| 035 | |a (OCoLC)1477948074 | ||
| 040 | |a BOA001 |b cze |d OLA001 |e rda | ||
| 041 | 1 | |a cze |h pol | |
| 043 | |a e-pl--- | ||
| 045 | |a x-x- | ||
| 072 | 7 | |a 821.162.1.09 |x Polská literatura (o ní) |2 Konspekt | |
| 080 | |a 821.162.1-32 |2 MRF | ||
| 080 | |a 82-322.9 |2 MRF | ||
| 080 | |a 82.091 |2 MRF | ||
| 080 | |a 7.03 |2 MRF | ||
| 080 | |a 7.07 |2 MRF | ||
| 080 | |a 82=025 |2 MRF | ||
| 080 | |a 791=025 |2 MRF | ||
| 080 | |a 792=025 |2 MRF | ||
| 080 | |a 82.07 |2 MRF | ||
| 080 | |a (438) |2 MRF | ||
| 080 | |a (048.8) |2 MRF | ||
| 080 | |a (047.53) |2 MRF | ||
| 100 | 1 | |a Flamma, Adam, |d 1988- |7 hka20241240529 |4 aut | |
| 240 | 1 | 0 | |a Wiedźmin. |l Česky |
| 245 | 1 | 0 | |a Zaklínač : |b historie fenoménu / |c Adam Flamma ; přeložil Stanislav Komárek |
| 250 | |a Vydání první | ||
| 264 | 1 | |a Praha : |b Kniha Zlin, |c 2024 | |
| 300 | |a 508 stran : |b ilustrace (převážně barevné), portréty, faksimile ; |c 24 cm | ||
| 336 | |a text |b txt |2 rdacontent | ||
| 337 | |a bez média |b n |2 rdamedia | ||
| 338 | |a svazek |b nc |2 rdacarrier | ||
| 500 | |a Přeloženo z polštiny | ||
| 504 | |a Obsahuje bibliografické odkazy | ||
| 520 | 2 | |a Zrod a proměny ikonické postavy polské fantasy literatury: od prvotní literární podoby Zaklínače až po filmové a seriálové zpracování. |b Hrdina Geralt z Rivie se poprvé objevil na stránkách časopisu Fantastyka jako hrdina povídky Andrzeje Sapkowského v roce 1986. Publikace podrobně mapuje Geraltovu hvězdnou kariéru napříč různými médii: sleduje jeho proměnu v románovou postavu i jeho úspěšné tažení v oblasti komiksu, videoher, filmu a seriálové tvorby. Knížka obsahuje rozhovory nejen s autorem literární předlohy, ale i s dalšími tvůrci, kteří se podíleli na adaptacích Zaklínače v oblasti počítačových her a audiovize. | |
| 600 | 1 | 7 | |a Sapkowski, Andrzej, |d 1948- |t Wiedźmin |7 aun2015882152 |2 czenas |
| 648 | 7 | |a 20. století |7 ch460558 |2 czenas | |
| 650 | 0 | 7 | |a polská povídka |7 ph294133 |y 20. století |2 czenas |
| 650 | 0 | 7 | |a fantasy povídka |7 ph455184 |z Polsko |y 20. století |2 czenas |
| 650 | 0 | 7 | |a literární vlivy |7 ph138746 |2 czenas |
| 650 | 0 | 7 | |a umělecké vlivy |7 ph880635 |2 czenas |
| 650 | 0 | 7 | |a umělecká inspirace |7 ph180931 |2 czenas |
| 650 | 0 | 7 | |a literární adaptace |7 ph117223 |2 czenas |
| 650 | 0 | 7 | |a filmové adaptace |7 ph117226 |2 czenas |
| 650 | 0 | 7 | |a divadelní adaptace |7 ph117224 |2 czenas |
| 650 | 0 | 7 | |a interpretace a přijetí literárního díla |7 ph137145 |2 czenas |
| 650 | 0 | 9 | |a Polish short stories |y 20th century |2 eczenas |
| 650 | 0 | 9 | |a fantasy short stories |z Poland |y 20th century |2 eczenas |
| 650 | 0 | 9 | |a literary influences |2 eczenas |
| 650 | 0 | 9 | |a artistic influences |2 eczenas |
| 650 | 0 | 9 | |a inspiration in art |2 eczenas |
| 650 | 0 | 9 | |a literary adaptations |2 eczenas |
| 650 | 0 | 9 | |a film adaptations |2 eczenas |
| 650 | 0 | 9 | |a stage adaptations |2 eczenas |
| 650 | 0 | 9 | |a interpretation and reception of literature |2 eczenas |
| 655 | 7 | |a studie |7 fd133597 |2 czenas | |
| 655 | 7 | |a rozhovory |7 fd133303 |2 czenas | |
| 655 | 7 | |a přehledy |7 fd133202 |2 czenas | |
| 655 | 9 | |a studies |2 eczenas | |
| 655 | 9 | |a interviews |2 eczenas | |
| 655 | 9 | |a surveys |2 eczenas | |
| 700 | 1 | |a Komárek, Stanislav, |d 1960- |7 jx20050105011 |4 trl | |
| 900 | |a ABA001 |b 20 | ||
| 928 | 9 | |a Albatros Media - Kniha Zlin | |
| 044 | |a xr | ||
| 910 | |a RBIT002 | ||
| 998 | |d 415741 |a https://core.palmknihy.cz/api/books/415741/cover?sn45sm |b https://core.palmknihy.cz/api/books/415741/cover/400?sn45sm |c https://core.palmknihy.cz/api/books/415741/cover/50?sn45sm |e 2028-12-14 |g 512 |i 9788076627130 |k https://core.palmknihy.cz/api/books/415741/preview.pdf |l |q 49 |r 1 |s https://www.palmknihy.cz/kniha/415741 |t ebook |y 2024 |z 0 | ||
| 999 | |d 312572 | ||